Erfundene Wahrheit : Deutsche Geschichten 1945-1960 /

Uložené v:
Podrobná bibliografia
Ďalší autori: Reich-Ranicki, Marcel (Compiler)
Médium: Kniha
Jazyk:German
Vydané: München : Deutscher Taschenbuch Verlag, 1980
ISBN: 3-492-01778-9
Fyzický popis: 504 S.
Tagy: Pridať tag
Žiadne tagy, Buďte prvý kto otaguje tento záznam!

MARC

LEADER 00000nam a2200000 a 4500
001 000479708
003 SVKK
005 20060220110256.0
008 060220s1980 e gero
020 |a 3-492-01778-9 
040 |a KE001  |b ger 
080 |a 943.0 F  |2 undef 
245 0 0 |a Erfundene Wahrheit :  |b Deutsche Geschichten 1945-1960 /  |c Hrsg. Marcel Reich-Ranicki 
260 |a München :  |b Deutscher Taschenbuch Verlag,  |c 1980 
300 |a 504 S. 
700 1 |a Reich-Ranicki, Marcel  |4 com 
850 |a KE001 
998 |a KN 
992 |a AMG 
090 |g SCKGI  |k Študovňa GI  |a 943.0 F ERF  |j 1297/93  |i G2720005441  |s Vyradená